Pride and Prejudice Characters - Statistics

General Stats
  • This quiz has been taken 403 times
    363 since last reset
  • The average score is 12 of 15
Answer Stats
Hint Name % Correct
Next Bennett girl, wise, pretty and talented Elizabeth
99%
Eldest Bennett girl, known as the most beautiful Jane
98%
Rich, eligible bachelor. Somewhat shy and bad at proposals (Mr. Darcy
95%
Middle Bennett girl, studious, plain, plays the piano Mary
93%
Fun loving friend of^ loves to dance, falls for eldest Bennett girl (Mr. Bingley
91%
Youngest Bennet girl, hormonal and irresponsible Lydia
91%
Next Bennet girl, emotional and silly (nickname) Kitty
89%
Charming enemy of ‘bachelor’. Officer in the army. (Mr. Wickham
88%
Best friend of the wisest Bennett girl, doesn’t believe in marrying for love Charlotte
86%
Relative of Bennett girls, to inherit their home, member of the clergy (Mr. Collins
84%
Sister of ‘fun loving friend’ attempts to separate her brother from his love (first name) Caroline
68%
Disapproving aunt of ‘bachelor’, daughter is betrothed to him, (Lady Cathrine De Bourgh
65%
Sweet younger sister of ‘bachelor’ Georgiana
63%
They’re the helpful aunt and uncle of the Bennett girls (last name only) Gardiner
45%
(Bonus) Mrs. Bennett’s personal maid Hill
27%
No matching quizzes found
Score Distribution
Percent of People with Each Score
Percentile by Number Answered
Your Score History
You have not taken this quiz since the last reset